National conference on reorientation of library services in India / (Record no. 42697)
[ view plain ]
| 000 -LEADER | |
|---|---|
| fixed length control field | 00938nam a22002297a 4500 |
| 005 - DATE AND TIME OF LATEST TRANSACTION | |
| control field | 20100820140034.0 |
| 010 ## - LCCN (DPL NO) | |
| LC control number | ENG-101060 |
| 020 ## - INTERNATIONAL STANDARD BOOK NUMBER | |
| Terms of availability | 500.00 |
| 035 ## - SYSTEM CONTROL NUMBER | |
| System control number | EN-84593 |
| 037 ## - SOURCE OF ACQUISITION | |
| Source of stock number/acquisition | DBAD/PUB |
| 082 ## - DEWEY DECIMAL CLASSIFICATION NUMBER | |
| Classification number | 027.542 |
| 100 ## - MAIN ENTRY--PERSONAL NAME | |
| Personal name | Reorientation of Library Services in India (18-20 Aug., 2007: Vijayawada) |
| 245 ## - TITLE STATEMENT | |
| Title | National conference on reorientation of library services in India / |
| Statement of responsibility, etc | edited by RSR Veralakshmi...[et.al] |
| 260 ## - PUBLICATION, DISTRIBUTION, ETC. (IMPRINT) | |
| Place of publication, distribution, etc | Vijayawada |
| Name of publisher, distributor, etc | Andhra Pradesh Library Association |
| Date of publication, distribution, etc | 2007 |
| 270 ## - ADDRESS | |
| Address | Sri Sarvottama Bhavanam |
| City | Vijayawada |
| Postal code | 520010 |
| 300 ## - PHYSICAL DESCRIPTION | |
| Extent | 482p.: |
| Other physical details | ill. |
| Dimensions | 23cm (pbk) |
| 650 ## - SUBJECT ADDED ENTRY--TOPICAL TERM | |
| Topical term or geographic name as entry element | Information science |
| 650 ## - SUBJECT ADDED ENTRY--TOPICAL TERM | |
| Topical term or geographic name as entry element | Libraries |
| General subdivision | Special collection |
| 700 ## - ADDED ENTRY--PERSONAL NAME | |
| Personal name | Veralakshmi, RSR |
| 9 (RLIN) | 15542 |
| 942 ## - ADDED ENTRY ELEMENTS (KOHA) | |
| Source of classification or shelving scheme | Dewey Decimal Classification |
| Item type | English Books |
| Classification part | 027.542 |
| Call number suffix | NAT |
| Withdrawn status | Lost status | Not for loan | Collection code | Home library | Current library | Date acquired | Source of acquisition | Cost, normal purchase price | Full call number | Barcode | Copy number | Cost, replacement price | Koha item type |
|---|---|---|---|---|---|---|---|---|---|---|---|---|---|
| Not For Loan | Non-fiction | D.B.Act.Division | D.B.Act.Division | 20/08/2010 | DBAD/PUB | 500.00 | 027.542 NAT | EN-84593 | 1 | 500.00 | English Books |
